000 00448nam a2200157 i 4500
001 21011
003 ES-MaACL
005 20230906152412.0
007 t|
008 021120s1961 sp ||||1| spa d
245 0 0 _aAfrica.
260 _aMadrid :
_bBanco Exterior de España,
_c[1961]
300 _aVIII, 226 p., 32 lám. col. :
_b1 map. pleg. col. ;
_c24 cm.
710 2 _aBanco Exterior de España.
_92123
852 _aES-MaACL
_jC-20901
_bR.49472
999 _c21011
_d21011